Spreadsheet modelling and applications : (Record no. 6116)

MARC details
000 -LEADER
fixed length control field 00789nam a22002297a 4500
003 - CONTROL NUMBER IDENTIFIER
control field OSt
005 - DATE AND TIME OF LATEST TRANSACTION
control field 20251124150214.0
008 - FIXED-LENGTH DATA ELEMENTS--GENERAL INFORMATION
fixed length control field 251124b |||||||| |||| 00| 0 eng d
020 ## - INTERNATIONAL STANDARD BOOK NUMBER
International Standard Book Number 0-534-38032-8.
040 ## - CATALOGING SOURCE
Original cataloging agency DWCL-Main lib
Transcribing agency OC
082 ## - DEWEY DECIMAL CLASSIFICATION NUMBER
Classification number Gr. 650.0285 A342s 2005
100 ## - MAIN ENTRY--PERSONAL NAME
Personal name Albright S. Christian
245 ## - TITLE STATEMENT
Title Spreadsheet modelling and applications :
Remainder of title essentials of practical management science
Statement of responsibility, etc. Albright S. Christian
260 ## - PUBLICATION, DISTRIBUTION, ETC.
Place of publication, distribution, etc. USA :
Name of publisher, distributor, etc. Thomson South-Western,
Date of publication, distribution, etc. c2005.
300 ## - PHYSICAL DESCRIPTION
Extent xvi, 672 pages :
Other physical details illustration ;
Dimensions 26 cm.
504 ## - BIBLIOGRAPHY, ETC. NOTE
Bibliography, etc. note Includes Bibliographical references.
650 ## - SUBJECT ADDED ENTRY--TOPICAL TERM
Source of heading or term 1. Electronic spreadsheet.
650 ## - SUBJECT ADDED ENTRY--TOPICAL TERM
Source of heading or term 2. Management-Computer simulation.
650 ## - SUBJECT ADDED ENTRY--TOPICAL TERM
Source of heading or term 3. Management-Mathematical model.
700 ## - ADDED ENTRY--PERSONAL NAME
Personal name Winston, Wayne
942 ## - ADDED ENTRY ELEMENTS (KOHA)
Source of classification or shelving scheme Dewey Decimal Classification
Koha item type General Reference
Call number prefix Gr.
Suppress in OPAC No
952 ## - LOCATION AND ITEM INFORMATION (KOHA)
--
Holdings
Withdrawn status Lost status Source of classification or shelving scheme Damaged status Not for loan Home library Current library Shelving location Date acquired Source of acquisition Cost, normal purchase price Total Checkouts Full call number Barcode Date last seen Copy number Price effective from Koha item type Uniform Resource Identifier
    Dewey Decimal Classification     College Library College Library General Reference 06/23/2008 School Fund 0.00   Gr. 650.0285 A342s 2005 45960 11/24/2025 c1 11/24/2025 GR